| 000 | 01468nam0a2200349 4500 | ||
|---|---|---|---|
| 001 | RU\NLR\BIBL_A\022316393 | ||
| 005 | 20260420014345.0 | ||
| 010 |
_a978-5-392-39799-0 _92000 |
||
| 021 |
_aRU _bКН-П-24-044190 _9КН-П-24-4397 |
||
| 035 | _a(NLR Aleph) 022316393 | ||
| 090 |
_a13664829 _c13664829 |
||
| 100 | _a20240909d2024 u y0rusy50 ca | ||
| 101 | 0 | _arus | |
| 102 | _aRU | ||
| 105 | _aa j 000zy | ||
| 181 | 0 |
_ai _baxxe |
|
| 182 | 0 | _an | |
| 200 | 1 |
_aМир планет _eастрономический очерк _fЯ. И. Перельман |
|
| 203 |
_aТекст _bвизуальный _cнепосредственный |
||
| 210 |
_aМосква _cПроспект _d2024 |
||
| 215 |
_a53, [2] с. _cил., табл. _d21 |
||
| 225 | 1 | _aДом занимательной науки | |
| 300 | _aПеч. по изд.: Мир планет. Астрономический очерк. Л., 1924, основанное на брошюре "Далекие миры", 1914 г. | ||
| 313 | _aИзд. 2023 г. | ||
| 451 | 0 |
_12001#$aДалекие миры _tДалекие миры |
|
| 606 | 1 |
_aПланеты _jПопулярные издания _91194159 _3RU\NLR\AUTH\66164568 |
|
| 686 | 1 | _aВ654я9 | |
| 700 | 1 |
_7ca _8rus _aПерельман _bЯ. И. _f1882-1942 _gЯков Исидорович _928413 _3RU\NLR\AUTH\7745475 |
|
| 942 | _cBOOK | ||
| 980 | _aNB | ||